|
|
|
|
| LEADER |
00000cam a2200000 4500 |
| 001 |
vtls012278557 |
| 003 |
SK-MaSNL |
| 005 |
20260301110231.0 |
| 008 |
250625s2018 xo oaf b 000 0 slo |
| 015 |
|
|
|a SNBA2025/07
|
| 020 |
|
|
|a 9788097297411
|q (viazané)
|
| 040 |
|
|
|a SNK
|b slo
|c SNK
|e rda
|
| 041 |
0 |
|
|a slo
|
| 044 |
|
|
|a xo
|c SK
|
| 072 |
|
7 |
|a 336.7
|x Financie
|2 konspekt
|
| 072 |
|
7 |
|a 0/9-053.2
|x Literatúra pre deti a mládež (náučná)
|2 konspekt
|
| 080 |
|
|
|a 336.74
|2 2011
|
| 080 |
|
|
|a 37.014.22:336
|2 2011
|
| 080 |
|
|
|a 82-93-053.2
|2 2011
|
| 080 |
|
|
|a (0.025.2)
|2 2011
|
| 245 |
0 |
0 |
|a Terezkina pokladnička
|
| 264 |
|
1 |
|a [Partizánske]
|b DRAP STUDIO
|c 2018
|
| 300 |
|
|
|a 1 zväzok (nestránkované)
|b fotografie, ilustrácie, ilustrované listy
|c 27 cm
|
| 336 |
|
|
|a text
|b txt
|2 rdacontent
|
| 336 |
|
|
|a statický obraz
|b sti
|2 rdacontent
|
| 337 |
|
|
|a bez média
|b n
|2 rdamedia
|
| 338 |
|
|
|a zväzok
|b nc
|2 rdacarrier
|
| 500 |
|
|
|a Vydané pre ARIVA Bratislava
|
| 500 |
|
|
|a Miesto vydania podľa NA ISBN
|
| 650 |
0 |
7 |
|a peniaze
|2 SNKPH
|9 2303
|
| 650 |
0 |
7 |
|a finančná gramotnosť
|2 SNKPH
|9 71731
|
| 650 |
0 |
7 |
|a Financial literacy
|2 SNKPHeng
|9 286429
|
| 650 |
0 |
7 |
|a Money
|2 SNKPHeng
|9 286432
|
| 655 |
|
7 |
|a publikácie pre deti
|2 SNKPH
|9 70148
|
| 655 |
|
7 |
|a ilustrované publikácie
|2 SNKPH
|9 109406
|
| 655 |
|
7 |
|a Publications for children
|2 SNKPHeng
|9 276792
|
| 655 |
|
7 |
|a Illustrated publications
|2 SNKPHeng
|9 289635
|
| 700 |
1 |
|
|a Gulik, Ladislav
|4 ill
|9 348568
|
| 852 |
|
|
|a Slovenská národná knižnica
|
| 919 |
|
|
|a 978-80-972974-1-1
|
| 954 |
|
|
|a iná literatúra (príručky, kuchárske knihy, hobby literatúra, sprievodcovia) pôvodná (slovenská)
|2 lita
|
| 999 |
|
|
|c 702713
|d 704643
|
| 952 |
|
|
|a SNK
|b SNK
|y PREZ
|7 0
|p 17A1574988
|o snkSB 101768
|i snk2025/10361
|8 0
|0 0
|1 0
|4 0
|d 2025-07-02
|f 1
|l 0
|r 2026-02-23 21:04:08
|w 2026-02-23
|
| 952 |
|
|
|a SNK
|b SNK
|y PREZ
|7 0
|p 17A1574989
|o snkSB 101768 D1
|i snk2025/10362
|8 0
|0 0
|1 0
|4 0
|d 2025-07-02
|l 0
|r 2026-02-23 21:04:08
|w 2026-02-23
|